000 00836nam a2200205 i 4500
001 149515
003 ES-MaACL
005 20240502063045.0
007 t|
008 071023s1972 sp ||||1| spa d
100 0 _aVázquez Montalbán, Manuel,
_d1939-
_9113463
245 1 0 _a100 años de deporte
_b: del esfuerzo individual al espectáculo de masas /
_cManuel Vázquez Montalbán, prólogo y textos ; Andrés Mercé Varela, estudio sobre el deporte... ; Joaquín Ibarz Ibars, cronología y documentación gráfica.
260 _aBarcelona :
_bDifusora Internacional,
_c[1972]
300 _a544 p. :
_bil. ;
_c32 cm.
650 1 4 _aDeportes-
_vHistoria.
_911593
700 1 _aMercé Varela, Andrés.
_980448
700 1 _aIbarz Ibars, Joaquín.
_964982
852 _aES-MaACL
_jC-43265
_bR.82519
999 _c149515
_d149515